00955cam a2200265 a 4500001000500000005001700005008004100022020003300063040002300096050002200119082001400141100002200155245009200177260003400269300003900303505000800342520012400350521002000474521002000494650002300514650003500537650003700572650004000609700004000649105320230815140813.0990714s2000 nyua b 000 1 eng  a0805063870 (hc : alk. paper) aDLCcDLCdDLCbeng00aPZ7.F634bTo 200000a[Fic]2211 aFletcher, Ralph J10aTommy Trouble and the magic marble /cby Ralph Fletcher ; illustrated by Ben Caldwell. aNew York :bScholastic,c2000 a47 pages :billustrations ;c20 cm aN  aFive-year-old Bradley tries to help big brother Tommy earn enough money to buy a magnificent marble for his collection. a560 bLexile  aN bRaz-Plus  1aBrothersvFiction. 1aMoneymaking projectsvFiction. 1aMarbles (Game objects)vFiction. 1aCollectors and collectingvFiction.1 aCaldwell, Ben,d1973-eillustrator.